000 00379nam a2200145Ia 4500
008 151213s9999 xx 000 0 und d
100 _aC. M. Bowra
245 _aThe Romantic Imagination
_cC. M. Bowra
260 _aNew Delhi
_bOxford University
_c1950
300 _a3552 p.
650 _aEnglish Literature
650 _aLiterature
700 _aC. M. Bowra
999 _c2356
_d2356